000
00320nam a22001337a 4500
008
181023b xxu||||| |||| 00| 0 eng d
020
_a
9780877792369
041
_a
eng
080
_2
3 ED
_a
821
100
_a
23
101
_a
GJU
245
_a
Merriam Webster Secretarial Handbook
_c
Stevens..M.A
942
_2
udc
_c
BK
999
_c
50679
_d
50679